000 00893nmc a2200301 a 4500
003 AR-BaBNM
005 20251128203858.0
008 011101s1992 ||||||||||||||000 | spa||
020 _a84-7046-474-4
040 _cAR-BaBNM
100 1 _aRotger Amengual, Bartolomé
245 1 0 _aEvaluación formativa
260 _aMadrid
_bCincel
_c1992
300 0 _a190 p.
_bgráfs., tablas
490 0 _aEducación y futuro. Monografías para la reforma
_vv. 9
500 0 _aGlosario p. 186
504 _aBibliografía p.187-190
650 4 _aEVALUACION FORMATIVA
650 4 _aCRITERIOS DE EVALUACION
650 4 _aPROCESO DE APRENDIZAJE
650 4 _aTECNICAS DE EVALUACION
650 4 _aEVALUACION DEL PLAN DE ESTUDIOS
650 4 _aOBJETIVOS DE LA FORMACION
650 4 _aDIAGNOSTICO EDUCACIONAL
800 1 _aRomán Pérez, Martiniano
_edirector
942 _cBK
998 _cCarmen
999 _c5299
_d5299